Azja Wschodnia Państwa - Statystyki

Ogólne statystyki
  • Ten quiz został rozwiązany 283 razy
  • Średni wynik to 12 z 17
Odpowiedzi na mapie
Odpowiedzi zakodowano w zielono-czerwonej skali na mapie do tego quizu, zgodnie z poniższymi procentami.
 
Statystyki odpowiedzi
Odpowiedź % Poprawnych
Chiny
95%
Japonia
88%
Korea Północna
86%
Korea Południowa
86%
Mongolia
85%
Indonezja
77%
Filipiny
75%
Tajwan
75%
Timor Wschodni
68%
Laos
66%
Tajlandia
66%
Wietnam
64%
Malezja
63%
Singapur
62%
Kambodża
56%
Mjanma
53%
Brunei
44%
Nie znaleziono quizów pasujących do podanych kryteriów
Rozkład punktacji
Procent ludzi z każdym wynikiem
Percentyl według liczby udzielonych odpowiedzi
Twoja historia wyników
Nie rozwiązałeś tego quizu